000 01036nas a2200253Ia 4500
001 R142/77677
003 IT-RoPAU
008 151124c99999999xx |||||||||||| ||und||
040 _aIT-RoPAU
040 _cIT-RoPAU
041 _aFRANCESE
100 _aChapman Robert
_gCodice Aut. SPICS: 46026
210 _aRESEAUX
222 _aReseaux
245 _aRESEAUX, N.052 (MARZO/APRILE 1992)
_bRadios Pirates Des Annees 60 (Les): Radio London Et Radio Caroline, Analyse Comparative
250 _a1a ed.
260 _aPARIS
_bCNET
_c1992
501 _bPaulus - SPICS - Società San Paolo EM (non-commercial uses only)
_cCopyright2015
300 _a16 p. [57-72]
362 _aN.052 (MARZO/APRILE 1992)
500 _aRadio Pirata degli Anni 60: Analisi Comparativa di Radio London e Radio Caroline. Articolo Comparso in Inglese nel 1990 Sulla Rivista di Radiofonia Popular Music. Programma di Alcune Prime Trasmissioni di Radio Caroline. Stile e Funzionamento.
650 _aCOMUNICAZIONE
_vPUBBLICAZIONE PERIODICA
942 _cCR
999 _c191938
_d191938